<?xml version="1.0" encoding="UTF-8"?><collection xmlns="info:lc/xmlns/marcxchange-v2"><record format="Unimarc" type="bibliographic"><leader>00817nam  2200229   450 </leader><controlfield tag="001">2381285</controlfield><controlfield tag="003">http://id.bnportugal.gov.pt/bib/porbase/2381285</controlfield><datafield ind1=" " ind2=" " tag="010"><subfield code="a">0-85323-127-3</subfield><subfield code="b">brochado</subfield><subfield code="d">oferta</subfield></datafield><datafield ind1=" " ind2=" " tag="035"><subfield code="a">unlcsh008_bc.iso/09-09-2011/63268</subfield></datafield><datafield ind1=" " ind2=" " tag="035"><subfield code="a">UNLCSH20081029151958</subfield></datafield><datafield ind1=" " ind2=" " tag="100"><subfield code="a">20081029d1992    k  y0porb0103    ba</subfield></datafield><datafield ind1="0" ind2=" " tag="101"><subfield code="a">eng</subfield></datafield><datafield ind1=" " ind2=" " tag="102"><subfield code="a">GB</subfield></datafield><datafield ind1="1" ind2=" " tag="200"><subfield code="a">Victor of Vita</subfield><subfield code="e">History of the Vandal persecution</subfield><subfield code="f">translated with notes and introduction by John Moorhead</subfield></datafield><datafield ind1=" " ind2=" " tag="210"><subfield code="a">Liverpool</subfield><subfield code="c">University</subfield><subfield code="d">cop. 1992</subfield></datafield><datafield ind1=" " ind2=" " tag="215"><subfield code="a">XX, 110 p.</subfield><subfield code="d">21 cm</subfield></datafield><datafield ind1="2" ind2=" " tag="225"><subfield code="a">Translated texts for historians</subfield><subfield code="v">10</subfield></datafield><datafield ind1=" " ind2=" " tag="300"><subfield code="a">Contém bibliografia</subfield></datafield><datafield ind1="1" ind2=" " tag="517"><subfield code="a">History of the Vandal persecution</subfield></datafield><datafield ind1=" " ind2=" " tag="675"><subfield code="a">2-674.5(397.3)"04"</subfield><subfield code="v">BN</subfield><subfield code="z">por</subfield></datafield><datafield ind1=" " ind2="0" tag="700"><subfield code="a">Vítor de Vita</subfield><subfield code="f">Séc. 5</subfield></datafield><datafield ind1=" " ind2="1" tag="702"><subfield code="a">Moorhead</subfield><subfield code="b">John</subfield><subfield code="f">1948-</subfield><subfield code="4">730</subfield></datafield><datafield ind1=" " ind2="0" tag="801"><subfield code="a">PT</subfield><subfield code="b">UNLCSH</subfield><subfield code="g">RPC</subfield></datafield></record></collection>